| 000 | 00543nam a2200181 i 4500 | ||
|---|---|---|---|
| 001 | 180073 | ||
| 003 | ES-MaACL | ||
| 005 | 20251213063021.0 | ||
| 008 | 120413s1912 po |||| | por d | ||
| 080 | _a929 Carlos I, Rey de Portugal | ||
| 100 | 1 |
_aCamacho, Brito, _d1862-1934 _9149761 |
|
| 245 | 1 | 0 |
_aD. Carlos, intimo / _cBrito Camacho. |
| 260 |
_aLisboa : _bGuimarĂ£es, _c1912. |
||
| 300 |
_a102 p. ; _c20 cm. |
||
| 600 | 0 | 7 |
_aCarlos _bI, _cRey de Portugal _2 _9149762 |
| 852 |
_aES-MaACL _jT-1355-F-3 |
||
| 999 |
_c180073 _d180073 |
||